000 03382nam a2200325 i 4500
001 000002511
003 DO-SdBNP
005 20240412143303.0
006 a||||fr|||| 00| 0
007 ta
008 090702s19792002dr rw 001 0 spa d
040 _aDO-SdBNP
_bspa
_cBNPHU
_erda
082 4 _a348.04
_bR426r
_222
110 1 _aRepública Dominicana.
_bSuprema Corte de Justicia.
_97906
245 1 0 _aRecopilación jurisprudencial integrada :
_bde las decisiones de la Suprema Corte de Justicia de la República Dominicana /
_cL. Almanzor González Canahuate [compilador].
264 _aSanto Domingo :
_b[no identificado],
_c1979-.
300 _avolumen ;
_c24 cm.
336 _2rdacontent
_atexto
_btxt
337 _2rdamedia
_asin mediación
_bn
338 _2rdacarrier
_avolumen
_bnc
500 _aLa biblioteca posee volumen 1, 7, 9, 10, tomos 3, 4 y 5, volumen 12, tomo 1.
505 0 _gvolumen 1,
_tMateria laboral y procedimiento laboral, cinco años, 1974 al 1978 --
_gvolumen 2,
_tMaterias: civil, comercial, contencioso-administrativa, electoral, cinco años, 1974 al 1978 --
_gvolumen 3,
_tMateria responsabilidad civil, seis años, 1974 al 1979 --
_gvolumen 4,
_tMateria, procedimiento civil y comercial, nueve años (1973 al 1981) (1a. edición) --
_gvolumen 5,
_tMateria de tierras, Ley de registro de tierras, diez años (1973-1982) (1a. edición) -- Materia de tierras, Ley de registro de tierras, diez años (1973-1982) (5a. edición) --
_gvolumen 6,
_tMateria penal, doce años (1972-1983) (2a. edición) --
_gvolumen 7,
_tMateria procedimiento penal, doce años (1972-1983) (1a. edición) --
_gvolumen 8,
_tMateria, procedimiento laboral, catorce años, 1971-1984 (1a. edición) --
_gvolumen 9,
_tMateria laboral, quince años (1971-1985) (1a. edición) --
505 0 _gvolumen 10,
_ttomo 1. Materia referimiento, veinticuatros años (1970-1993) (1a. edición). tomo 2. Materia, procedimiento civil y commercial, veintiocho años (1970-1997). tomo 3. Materia procedimiento civil, comercial y laboral, ventinueve años (1970-1998) (1a. edición ) <2 volumenes> -- tomo 5. Treinta (31) años (Enero- 1970, Diciembre-200). Avance Jurisprudencial.--
_gvolumen 11,
_ttomo 1. Materia civil, arrendamiento, inquilinato, aparceria, desalojo, veintiseis años (1970-1995) (1a. edición) --
_gvolumen 12,
_ttomo 1. Materia tierras, treinta y dos años (1970-diciembre 2001) (1a. edición). tomo 2. Materia tierras, treinta y tres años (1970-diciembre 2002) (1a. edición). t.omo 3. Materia tierras, treinta y siete (37) años (1970-Diciembre 2006) (1a. edición), legitimación prescripción, treinta y ocho (38) materias. t. 4. Materia tierras, treinta y siete (37) años (1970-Diciembre 2006) (1a. edición), procedimiento-proceso, sentencia, veintitres (23) materias. tomo 5. Tierras, treinta y siete (37) años (1970-diciembre 2006), 37-3, materia tierras, servidumbre, testamento, verificación de firma (1a. edición) -- [13] Materia de responsabilidad civil, cinco años (2009-2013), inclusive , y en materia de Ley 241 ...
590 _aInventariado, 2018/BT
650 4 _aJurisprudencia
_zRepública Dominicana
_xRecopilaciones, repertorios, etc.
_97907
650 4 _aSentencias
_zRepública Dominicana
_xRecopilaciones, repertorios, etc.
_97908
700 1 2 _aGonzález Canahuate, L. Almanzor,
_ecomp.
_95213
910 _aValidado. Control de calidad. MMOLINA
942 _2ddc
_cLBS1
999 _c2347
_d2347